000 00314 a2200109 4500
020 _a0471994219
082 _a519.4 JEN
100 _aJennings, Alan.
245 _aMatrix computation for engineers and scientists
_cAlan Jennings,
260 _aLondon ;
_aNew York :
_bWiley,
_c1980.
300 _axv, 330 p. :
_bill. ;
_c24 cm.
650 _aMatrices.
999 _c531
_d531